| 000 | 00000nam##2200000za#4500 |
| 001 | 9.615221 |
| 003 | CaOODSP |
| 005 | 20200428124314 |
| 007 | ta |
| 008 | 150406|1999||||xxc||||| f|0| 0 eng|d |
| 020 | |a1-895643-92-9 |
| 040 | |aCaOODSP|beng |
| 043 | |an-cn--- |
| 086 | 1 |aEn133-5/7-1999E |
| 110 | 2 |aNational Round Table on the Environment and the Economy (Canada) |
| 245 | 10|aPolicies that could complement a domestic emissions trading system for greenhouse gases / |cby Chris Rolfe, Erik Haites and Robert Hornung. |
| 260 | |aOttawa - Ontario : |bNational Round Table on the Environment and the Economy |c1999. |
| 300 | |aiv, 18p. : |breferences, tables ; |c28 cm. |
| 490 | 1 |aDomestic Greenhouse Gas Emissions Trading technical paper series |
| 500 | |a"This paper examines several different types of policies that could complement the introduction of a domestic greenhouse gas emission trading system in Canada. It provides a rationale for the use of these types of policies and provides some specific examples of policies that could be implemented to meet the objectives."--Introduction. |
| 520 | 3 |aThis paper examines several different types of policies that could complement the introduction of a domestic greenhouse gas emission trading system in Canada. It provides a rationale for the use of these types of policies and provides some specific examples of policies that could be implemented to meet the objectives.--Introduction |
| 563 | |aSpiral binding |
| 590 | |a00-25|b2000-06-23 |
| 690 | 07|aEnvironmental policy|2gcpds |
| 690 | 07|aEnvironmental management|2gcpds |
| 690 | 07|aPollution control|2gcpds |
| 690 | 07|aEnvironment|2gcpds |
| 720 | 1 |aHaites, Erik |
| 720 | 1 |aHornung, Robert |
| 720 | 1 |aRolfe, Chris |
| 776 | 0#|tPolicies that could complement a domestic emissions trading system for greenhouse gases / |w(CaOODSP)9.577181 |
| 830 | #0|aDomestic greenhouse gas emissions trading technical paper series.|w(CaOODSP)9.514547 |